[Event "Turtle Speed # 16"]
[Site "SchemingMind.com"]
[Date "2009.01.04"]
[Round "-"]
[White "reo"]
[Black "riverriver"]
[Result "1-0"]
[WhiteCountry "THA"]
[BlackCountry "USA"]
[WhiteElo "1847"]
[WhiteRD "67"]
[BlackElo "1881"]
[BlackRD "72"]
[GameID "186078"]

1. d4 d5 2. c4 e6 3. Nc3 c6 4. Nf3 dxc4 5. a4 Nf6 6. e3 Bb4 7. Bxc4 Ne4 8. Qc2 Nxc3 9. bxc3 Bd6 10. O-O O-O
11. Bd3 f5 12. e4 Qe8 13. e5 Be7 14. Bg5 b6 15. c4 Na6 16. Bd2 Qd7 17. Qb3 Rd8 18. Rfb1 Rb8 19. h3 Nc5 20. dxc5 Qxd3
21. Qxd3 Rxd3 22. Be3 f4 23. Bd4 Ba6 24. a5 Bxc4 25. cxb6 axb6 26. Rxb6 Rxb6 27. axb6 Kf7 28. Rb1 Bd8 29. b7 Bc7 30. b8=Q
1-0

[Event "Turtle Speed # 16"]
[Site "SchemingMind.com"]
[Date "2009.01.02"]
[Round "-"]
[White "reo"]
[Black "anjv"]
[Result "1-0"]
[WhiteCountry "THA"]
[BlackCountry "POL"]
[WhiteElo "1861"]
[WhiteRD "71"]
[BlackElo "1008"]
[BlackRD "165"]
[GameID "186079"]

1. d4 Nf6 2. c4 e6 3. Nc3 Bb4 4. e3 Ne4 5. Qc2 Bxc3+ 6. bxc3 f5 7. Bd3 Nf6 8. Ne2 O-O 9. O-O b6 10. Ng3 Bb7
11. e4 g6 12. Bg5 fxe4 13. Bxe4 Bxe4 14. Nxe4 Nc6 15. Rae1
1-0

[Event "Turtle Speed # 16"]
[Site "SchemingMind.com"]
[Date "2009.01.05"]
[Round "-"]
[White "riverriver"]
[Black "reo"]
[Result "1/2-1/2"]
[WhiteCountry "USA"]
[BlackCountry "THA"]
[WhiteElo "1700"]
[WhiteRD "71"]
[BlackElo "1799"]
[BlackRD "78"]
[GameID "186080"]

1. d4 d5 2. c4 e6 3. Nc3 Nf6 4. cxd5 exd5 5. Bg5 Nbd7 6. Nf3 Be7 7. e3 O-O 8. Bd3 c6 9. Qc2 Re8 10. O-O h6
11. Bf4 Nh5 12. Nxd5 Nxf4 13. Nxf4 Nf6 14. Bc4 Bd6 15. Rac1 Qc7 16. Ng6 Qa5 17. Nfe5 Bxe5 18. Nxe5 Be6 19. b3 Rad8 20. Rfe1 Nd5
21. a4 Re7 22. f4 Nf6 23. Bxe6 Rxe6 24. Qf5 Rd5 25. Red1 Qb4 26. Rd3 Qd6 27. g3 Re7 28. e4 Rxd4 29. Rcd1 c5 30. Qc8+ Kh7
31. Qf8 Nxe4 32. Rxd4 cxd4 33. Nxf7 Qc5 34. Ra1 d3+ 35. Kg2 Qc2+ 36. Kh3 Nf2+ 37. Kh4 d2 38. Qxe7 Qf5 39. Nxh6 Qh3+ 40. Kg5 Qxh6+
41. Kf5 Qg6+ 42. Ke5 Qe4+ 43. Kd6 Qc6+=
1/2-1/2

[Event "Turtle Speed # 16"]
[Site "SchemingMind.com"]
[Date "2009.01.02"]
[Round "-"]
[White "anjv"]
[Black "reo"]
[Result "0-1"]
[WhiteCountry "POL"]
[BlackCountry "THA"]
[WhiteElo "1008"]
[WhiteRD "165"]
[BlackElo "1861"]
[BlackRD "71"]
[GameID "186081"]

1. e4 c5 2. Nf3 Nc6 3. Bb5 e6 4. Bxc6 bxc6 5. O-O Ne7 6. d3 Ng6 7. c4 d5 8. Nc3 Be7 9. b3 O-O 10. Na4 Bf6
11. Rb1 Re8
0-1

[Event "Turtle Speed # 16"]
[Site "SchemingMind.com"]
[Date "2009.01.05"]
[Round "-"]
[White "saitzi"]
[Black "riverriver"]
[Result "0-1"]
[WhiteCountry "GER"]
[BlackCountry "USA"]
[WhiteElo "1575"]
[WhiteRD "131"]
[BlackElo "1980"]
[BlackRD "77"]
[GameID "186574"]

1. d4 d5 2. c4 e6 3. Nf3 Nf6 4. Nc3 c6 5. e3 Nbd7 6. Be2 Bd6 7. O-O Ne4 8. Nxe4 dxe4 9. Nd2 f5 10. c5 Be7
0-1

[Event "Turtle Speed # 16"]
[Site "SchemingMind.com"]
[Date "2009.01.05"]
[Round "-"]
[White "saitzi"]
[Black "reo"]
[Result "0-1"]
[WhiteCountry "GER"]
[BlackCountry "THA"]
[WhiteElo "1596"]
[WhiteRD "130"]
[BlackElo "1885"]
[BlackRD "86"]
[GameID "186575"]

1. d4 d5 2. c4 e6 3. Nf3 Nc6 4. Nc3 h6 5. e3 Bb4 6. Qc2 Nf6 7. Bd2 O-O 8. Be2 a6 9. O-O Bxc3 10. Bxc3 Ne4
11. Rac1 Nxc3 12. bxc3 dxc4 13. Bxc4 Ne7 14. Ne5 Qd6 15. Bb3 Bd7 16. Rfe1 c5 17. Qe4 f5 18. Qh4 b5 19. f4 c4 20. Bxc4 bxc4
21. Nxc4 Ng6 22. Qg3 Qc7 23. Qxg6 Qxc4 24. Rb1 Rf6 25. Qg3 Qxc3 26. Rb7 Rg6
0-1

[Event "Turtle Speed # 16"]
[Site "SchemingMind.com"]
[Date "2009.01.05"]
[Round "-"]
[White "reo"]
[Black "saitzi"]
[Result "1-0"]
[WhiteCountry "THA"]
[BlackCountry "GER"]
[WhiteElo "1885"]
[WhiteRD "86"]
[BlackElo "1596"]
[BlackRD "130"]
[GameID "186578"]

1. e4 c5 2. Nc3 d6 3. g3 Nc6 4. Bg2 Nf6 5. Nf3 e6 6. O-O Be7 7. Re1 O-O 8. d4 cxd4 9. Nxd4 Qb6 10. Nf3 e5
11. Nd5 Nxd5 12. exd5 Nd8 13. Qd3 f5 14. Bg5 Bxg5 15. Nxg5 Nf7 16. Ne6 Bxe6 17. dxe6 Nh6 18. Bd5 Ng4 19. e7+ Kh8 20. exf8=Q+ Rxf8
21. Rf1
1-0

[Event "Turtle Speed # 16"]
[Site "SchemingMind.com"]
[Date "2009.01.06"]
[Round "-"]
[White "Heidi"]
[Black "riverriver"]
[Result "0-1"]
[WhiteCountry "USA"]
[BlackCountry "USA"]
[WhiteElo "943"]
[WhiteRD "65"]
[BlackElo "1955"]
[BlackRD "76"]
[GameID "186718"]

1. Nf3 c5 2. d4 cxd4 3. Nxd4 Nc6 4. Nxc6 bxc6 5. e4 Nf6 6. Bc4 e6 7. O-O Bc5 8. h3 O-O 9. Bg5 h6 10. Bf4 Nxe4
11. Bd3 Qf6 12. Re1 Nxf2 13. Qh5 Nxd3+ 14. Kf1 Qxf4+ 15. Ke2 Nxe1 16. Qxc5 Qc1 17. Qg1 Ba6+ 18. Kf2 Nd3+
0-1

[Event "Turtle Speed # 16"]
[Site "SchemingMind.com"]
[Date "2009.01.07"]
[Round "-"]
[White "Heidi"]
[Black "reo"]
[Result "0-1"]
[WhiteCountry "USA"]
[BlackCountry "THA"]
[WhiteElo "1142"]
[WhiteRD "109"]
[BlackElo "1871"]
[BlackRD "117"]
[GameID "186719"]

1. d4 Nf6 2. e3 d5 3. Bd3 c5 4. Nf3 Nbd7 5. O-O g6 6. Bb5 Bg7 7. dxc5 O-O 8. e4 Nxc5 9. exd5 Nxd5 10. Re1 Bg4
11. Bg5 Bxb2 12. Nbd2 Nc3 13. Nc4 Nxd1
0-1

[Event "Turtle Speed # 16"]
[Site "SchemingMind.com"]
[Date "2009.01.07"]
[Round "-"]
[White "Heidi"]
[Black "saitzi"]
[Result "0-1"]
[WhiteCountry "USA"]
[BlackCountry "GER"]
[WhiteElo "1142"]
[WhiteRD "109"]
[BlackElo "1835"]
[BlackRD "211"]
[GameID "186721"]

1. d4 Nf6 2. e3 e6 3. Nf3 d5 4. Bb5+ Bd7 5. Bxd7+ Nbxd7 6. h3 Be7 7. Nc3 O-O 8. Nb5 c6 9. Nc3 Nb6 10. O-O Rc8
11. Qd3 c5 12. dxc5 Bxc5 13. e4 dxe4 14. Nxe4 Nxe4 15. Qxe4 Nd5 16. Rd1 Qb6 17. Ng5 Bxf2+ 18. Kh2 Nf6 19. Nxh7 Nxh7 20. Rf1 Bh4
21. Be3 Qc6 22. Qxh4 Qxc2 23. Bc1 Qg6 24. Bf4 Rc2 25. Rg1 Qe4 26. Rge1 Qxg2#
0-1

[Event "Turtle Speed # 16"]
[Site "SchemingMind.com"]
[Date "2009.01.06"]
[Round "-"]
[White "riverriver"]
[Black "Heidi"]
[Result "1-0"]
[WhiteCountry "USA"]
[BlackCountry "USA"]
[WhiteElo "1955"]
[WhiteRD "76"]
[BlackElo "943"]
[BlackRD "65"]
[GameID "186722"]

1. d4 d5 2. c4 Nf6 3. cxd5 Nxd5 4. e4 Nb6 5. Nc3 Bg4 6. Qxg4 e6 7. Nf3 N8d7 8. Bg5 Bd6 9. Bxd8 Rxd8 10. Qxg7 Ke7
11. Qg5+ f6 12. Qg7+ Ke8 13. Qxh8+ Nf8 14. Bb5+
1-0

[Event "Turtle Speed # 16"]
[Site "SchemingMind.com"]
[Date "2009.01.07"]
[Round "-"]
[White "reo"]
[Black "Heidi"]
[Result "1-0"]
[WhiteCountry "THA"]
[BlackCountry "USA"]
[WhiteElo "1871"]
[WhiteRD "117"]
[BlackElo "1142"]
[BlackRD "109"]
[GameID "186723"]

1. f4 d6 2. Nf3 e5 3. fxe5 dxe5 4. Nc3 Bd6 5. e4 Nc6 6. Bb5 Nf6 7. Bxc6+ bxc6 8. d3 O-O 9. Bg5 Be7 10. Nxe5 Bb7
11. Be3 Ba6 12. Nxc6 Qd6 13. Nxe7+ Qxe7 14. O-O Rfd8 15. a4 g6 16. Qe1 Nxe4 17. Nxe4 Rab8 18. Bh6 Rxb2 19. Qc3 Rb5 20. Qg7#
1-0

[Event "Turtle Speed # 16"]
[Site "SchemingMind.com"]
[Date "2009.01.07"]
[Round "-"]
[White "saitzi"]
[Black "Heidi"]
[Result "1-0"]
[WhiteCountry "GER"]
[BlackCountry "USA"]
[WhiteElo "1835"]
[WhiteRD "211"]
[BlackElo "1142"]
[BlackRD "109"]
[GameID "186725"]

1. d4 d5 2. c4 dxc4 3. e4 Nc6 4. Nf3 Nf6 5. Nc3 e5 6. d5 Bc5 7. dxc6 bxc6 8. Bxc4 Qd7 9. O-O O-O 10. Nxe5 Qe8
11. Bxf7+ Rxf7 12. Nxf7 Kxf7 13. Re1 Bg4 14. Qb3+ Ke7 15. Nd5+ cxd5 16. exd5+ Kd8 17. Rxe8+ Kxe8 18. Qb5+ Kd8 19. Qxc5 Nd7 20. Bg5+ Kc8
21. Qd4 Be2 22. Re1 Bb5 23. Re8+ Kb7 24. Rxa8 Kxa8 25. Qxg7
1-0

[Event "Turtle Speed # 16"]
[Site "SchemingMind.com"]
[Date "2009.01.07"]
[Round "-"]
[White "klk12"]
[Black "riverriver"]
[Result "0-1"]
[WhiteCountry "USA"]
[BlackCountry "USA"]
[WhiteElo "1321"]
[WhiteRD "162"]
[BlackElo "1955"]
[BlackRD "76"]
[GameID "186782"]

1. d4 d5 2. c4 e6 3. b3 Nc6 4. Bd2 dxc4 5. bxc4 Qxd4 6. Nc3 Qxc4 7. e4 Qc5 8. Na4 Qd4 9. Rb1 Qxe4+ 10. Be2 Qxg2
11. Be3 Qxh1 12. Kf1 Qxh2 13. f4 Nf6 14. Nf3 Qh1+ 15. Kf2 Ne4#
0-1

[Event "Turtle Speed # 16"]
[Site "SchemingMind.com"]
[Date "2009.01.07"]
[Round "-"]
[White "klk12"]
[Black "Heidi"]
[Result "1-0"]
[WhiteCountry "USA"]
[BlackCountry "USA"]
[WhiteElo "1369"]
[WhiteRD "178"]
[BlackElo "1142"]
[BlackRD "109"]
[GameID "186783"]

1. e4 e5 2. Nf3 Nc6 3. Bc4 d5 4. exd5 Bc5 5. dxc6 bxc6 6. Nxe5 Nf6 7. Nxc6 Qd7 8. Qf3 O-O 9. Ne7+ Bxe7 10. Qxa8 Ba6
11. Qxa7 Bxc4 12. d3 Bd5 13. h4 Rc8 14. O-O Qd6 15. f3 Qb6+ 16. Qxb6 cxb6 17. Nc3 Be6 18. a4 Bd7 19. Be3 Bd6 20. a5 bxa5
21. Rxa5 Bg3 22. Nd5 Nh5 23. Ne7+ Kf8 24. Nxc8 Ke8 25. Ra8 Bxh4 26. Nb6+ Ke7 27. Bc5+ Ke6 28. Rfa1 Ba4 29. R1xa4 Ng3 30. Rxh4 Nf5
31. Re4+ Kf6 32. Rh8
1-0

[Event "Turtle Speed # 16"]
[Site "SchemingMind.com"]
[Date "2009.01.07"]
[Round "-"]
[White "klk12"]
[Black "reo"]
[Result "0-1"]
[WhiteCountry "USA"]
[BlackCountry "THA"]
[WhiteElo "1369"]
[WhiteRD "178"]
[BlackElo "1871"]
[BlackRD "117"]
[GameID "186784"]

1. Nf3 d5 2. d4 Nf6 3. Bg5 Ne4 4. c3 Nxg5 5. Nxg5 e5 6. dxe5 Qxg5 7. g3 Qxe5 8. Qd3 c6 9. f4 Qc7 10. Na3 Bg4
11. h3 Bd7 12. c4 Bb4+ 13. Kd1 Na6 14. cxd5 O-O-O 15. dxc6 Bxc6 16. Kc2 Rxd3 17. exd3 Ba4+ 18. Kb1 Bxa3 19. Rh2 Re8 20. bxa3 Re1+
21. Kb2 Qb6+ 22. Kc3 Rxa1 23. Re2 Qc5+ 24. Kb2 Qd4#
0-1

[Event "Turtle Speed # 16"]
[Site "SchemingMind.com"]
[Date "2009.01.07"]
[Round "-"]
[White "klk12"]
[Black "saitzi"]
[Result "0-1"]
[WhiteCountry "USA"]
[BlackCountry "GER"]
[WhiteElo "1369"]
[WhiteRD "178"]
[BlackElo "1835"]
[BlackRD "211"]
[GameID "186786"]

1. d4 Nf6 2. c4 g6 3. Nc3 Bg7 4. e4 d6 5. d5 O-O 6. f4 c5 7. Nf3 Bg4 8. h3 Bd7 9. b3 Na6 10. e5 dxe5
11. fxe5 Ne8 12. g4 Nec7 13. a3 Rb8 14. d6 exd6 15. exd6 Bxc3+ 16. Bd2 Bxa1 17. Qxa1 Ne6 18. Rh2 Re8 19. h4 Nd4+ 20. Kf2 Bc6
21. Bg2 Qxd6 22. h5 Bxf3 23. Qh1 Re2+ 24. Kf1 Rxd2 25. Rh4 Bxg2+ 26. Qxg2 Qf6+ 27. Kg1 Rd1+ 28. Kh2 Qxh4+
0-1

[Event "Turtle Speed # 16"]
[Site "SchemingMind.com"]
[Date "2009.01.07"]
[Round "-"]
[White "riverriver"]
[Black "klk12"]
[Result "1-0"]
[WhiteCountry "USA"]
[BlackCountry "USA"]
[WhiteElo "1700"]
[WhiteRD "63"]
[BlackElo "1325"]
[BlackRD "124"]
[GameID "186787"]

1. d4 d5 2. c4 e6 3. Nc3 Nf6 4. Bg5 Bd7 5. e3 Be7 6. Bxf6 gxf6 7. cxd5 Bb4 8. Qb3 Bxc3+ 9. bxc3 exd5 10. Qxd5 c6
11. Qd6 Qe7 12. Qxe7+ Kxe7 13. Bd3 Rg8 14. Nf3 Na6 15. Bxh7 Rxg2 16. Bd3 c5 17. d5 c4 18. Bxc4 Rc8 19. Bf1 Rg4 20. Bxa6 Rxc3
21. Bxb7 Bf5 22. Nd4 Be4 23. h3 Rg8 24. d6+ Kxd6 25. Bxe4 Ke5 26. Bh7 Rg2 27. Rd1 Rc2 28. Nxc2 f5 29. Kf1 Rg7 30. f4+ Ke6
31. Nd4+ Ke7 32. Nxf5+ Kf6 33. Nxg7
1-0

[Event "Turtle Speed # 16"]
[Site "SchemingMind.com"]
[Date "2009.01.07"]
[Round "-"]
[White "Heidi"]
[Black "klk12"]
[Result "0-1"]
[WhiteCountry "USA"]
[BlackCountry "USA"]
[WhiteElo "1142"]
[WhiteRD "109"]
[BlackElo "1369"]
[BlackRD "178"]
[GameID "186788"]

1. d4 Nf6 2. Nf3 e6 3. e3 d5 4. Bb5+ c6 5. Bd3 Bb4+ 6. c3 Bd6 7. O-O c5 8. Ng5 h6 9. Nf3 Qc7 10. Nbd2 Nc6
11. e4 cxd4 12. exd5 dxc3 13. bxc3 exd5 14. Re1+ Kd8 15. h3 g5 16. Qe2 Ne5 17. Nxe5 Re8 18. Nxf7+ Qxf7 19. Qd1 Re5 20. Re2 Rxe2
21. Qxe2 Qg7 22. Bb2 g4 23. hxg4 h5 24. Qf3 hxg4 25. Qe2 a5 26. Re1 g3 27. c4 gxf2+ 28. Kxf2 Bg3+ 29. Kf3 Bxe1 30. Qxe1 Qg4+
31. Ke3 Qe6+ 32. Kf2 Ng4+ 33. Kg3 Qxe1+ 34. Kf3 Qxd2
0-1

[Event "Turtle Speed # 16"]
[Site "SchemingMind.com"]
[Date "2009.01.07"]
[Round "-"]
[White "reo"]
[Black "klk12"]
[Result "1-0"]
[WhiteCountry "THA"]
[BlackCountry "USA"]
[WhiteElo "1871"]
[WhiteRD "117"]
[BlackElo "1369"]
[BlackRD "178"]
[GameID "186789"]

1. e4 c6 2. d4 d5 3. Nc3 dxe4 4. Nxe4 f5 5. Ng5 Qd5 6. c4 Qd7 7. N1f3 h6 8. Ne5 Qc7 9. Qh5+ Kd8 10. Ngf7+ Ke8
11. Nd6+ Kd8 12. Qe8#
1-0

[Event "Turtle Speed # 16"]
[Site "SchemingMind.com"]
[Date "2009.01.07"]
[Round "-"]
[White "saitzi"]
[Black "klk12"]
[Result "1-0"]
[WhiteCountry "GER"]
[BlackCountry "USA"]
[WhiteElo "1835"]
[WhiteRD "211"]
[BlackElo "1369"]
[BlackRD "178"]
[GameID "186791"]

1. d4 f5 2. c4 Nf6 3. Nc3 e6 4. Nf3 d5 5. Bf4 Bb4 6. Qc2 dxc4 7. e3 Nc6 8. Bxc4 Na5 9. O-O Nxc4 10. Qa4+ c6
11. Qxb4 b5 12. Nxb5 cxb5 13. Qxb5+ Bd7 14. Qxc4 Rc8 15. Qb4 Nd5 16. Qa3 h6 17. Ne5 Bb5 18. Rfc1 g5 19. Rxc8 Qxc8 20. Ng6 Rg8
21. e4 Nxf4 22. Qe7#
1-0

[Event "Turtle Speed # 16"]
[Site "SchemingMind.com"]
[Date "2009.01.08"]
[Round "-"]
[White "Joe Daudish"]
[Black "riverriver"]
[Result "0-1"]
[WhiteCountry "USA"]
[BlackCountry "USA"]
[WhiteElo "1680"]
[WhiteRD "52"]
[BlackElo "1881"]
[BlackRD "72"]
[GameID "186914"]

1. d4 d5 2. Nf3 Nf6 3. Bf4 e6 4. h3 c6 5. e3 Nbd7 6. Bd3 Be7 7. Nbd2 O-O 8. Ne5 Nxe5 9. Bxe5 Bd7 10. O-O Bc8
11. c3 c5 12. Qc2 c4 13. Be2 Nd7 14. Bg3 b5 15. a3 a5 16. e4 f5 17. e5 f4 18. Bh2 Qc7 19. Bg4 Nb6 20. g3 fxg3
21. fxg3 Bd7 22. Kg2 Rab8 23. Bg1 b4 24. axb4 axb4 25. Be3 b3 26. Qc1 Ra8 27. Nf3 Ra2 28. Qd2 Rfa8 29. Rxa2 bxa2 30. Ra1 h6
31. Nh4 Bxh4 32. gxh4 Ra4 33. Bd1 Ra8 34. b4 Qa7 35. Qb2 Be8
0-1

[Event "Turtle Speed # 16"]
[Site "SchemingMind.com"]
[Date "2009.01.08"]
[Round "-"]
[White "Joe Daudish"]
[Black "Heidi"]
[Result "1-0"]
[WhiteCountry "USA"]
[BlackCountry "USA"]
[WhiteElo "1721"]
[WhiteRD "47"]
[BlackElo "1142"]
[BlackRD "109"]
[GameID "186915"]

1. d4 d5 2. Nf3 Nf6 3. Bf4 e6 4. h3 Bd6 5. Bxd6 cxd6 6. c3 O-O 7. e3 Nc6 8. Bd3 Re8 9. O-O Ne7 10. Nbd2 Nf5
11. Qc2 e5 12. dxe5 dxe5 13. Bxf5 Bxf5 14. Qxf5 e4 15. Nd4 Qd6 16. Qf4 Nh5 17. Qxd6
1-0

[Event "Turtle Speed # 16"]
[Site "SchemingMind.com"]
[Date "2009.01.09"]
[Round "-"]
[White "Joe Daudish"]
[Black "reo"]
[Result "0-1"]
[WhiteCountry "USA"]
[BlackCountry "THA"]
[WhiteElo "1720"]
[WhiteRD "45"]
[BlackElo "1885"]
[BlackRD "86"]
[GameID "186916"]

1. d4 d5 2. Nf3 Nf6 3. Bf4 c5 4. h3 Bf5 5. e3 e6 6. Bd3 Bxd3 7. Qxd3 c4 8. Qd2 Nc6 9. c3 Qd7 10. Qc2 Bd6
11. Bxd6 Qxd6 12. Nbd2 b5 13. a3 a5 14. O-O h5 15. Rfe1 O-O-O 16. e4 Qe7 17. exd5 Rxd5 18. Ne4 Nd7 19. Re2 f6 20. Rae1 e5
21. dxe5 Ncxe5 22. Nxe5 Rxe5 23. Ng3 g5 24. Rxe5 Nxe5 25. Nf5 Nf3+ 26. gxf3 Qxe1+ 27. Kg2 g4 28. fxg4 hxg4 29. Nd6+ Kc7 30. Nxb5+ Kb6
31. Nd4 Rxh3 32. f4 Qh1+ 33. Kf2 Rh2+
0-1

[Event "Turtle Speed # 16"]
[Site "SchemingMind.com"]
[Date "2009.01.08"]
[Round "-"]
[White "Joe Daudish"]
[Black "klk12"]
[Result "1-0"]
[WhiteCountry "USA"]
[BlackCountry "USA"]
[WhiteElo "1720"]
[WhiteRD "45"]
[BlackElo "1334"]
[BlackRD "165"]
[GameID "186918"]

1. d4 Nf6 2. Nf3 e6 3. Bf4 Nc6 4. h3 Ne4 5. e3 d5 6. c3 g5 7. Bh2 h5 8. Bd3 g4 9. Ne5 Rh7 10. hxg4 Qf6
11. Bxe4 dxe4 12. gxh5 Qg5 13. g4 Bg7 14. Nxc6 b5 15. Bxc7 Kd7 16. Bf4 Qd5 17. Nb4 Qb7 18. Nd2 a5 19. Nc2 b4 20. cxb4 axb4
21. b3 f5 22. Nc4 fxg4 23. Qxg4 Ra6 24. Be5 Qb5 25. Bxg7 Bb7 26. Be5 Bd5 27. Nd2 Qd3 28. Qe2 Rc6 29. Qxd3 exd3 30. Nxb4 Bxh1
31. Nxc6 Bg2 32. Nb4 Rxh5 33. Nf1 Rh1 34. Kd2 Bxf1 35. Nxd3 Kc6 36. Nf4 Kd7 37. Rc1 Rh2 38. Rxf1 Rh4 39. Nd3
1-0

[Event "Turtle Speed # 16"]
[Site "SchemingMind.com"]
[Date "2009.01.08"]
[Round "-"]
[White "Joe Daudish"]
[Black "saitzi"]
[Result "1-0"]
[WhiteCountry "USA"]
[BlackCountry "GER"]
[WhiteElo "1720"]
[WhiteRD "45"]
[BlackElo "1596"]
[BlackRD "130"]
[GameID "186919"]

1. d4 Nf6 2. Nf3 g6 3. Bf4 Bg7 4. h3 O-O 5. e3 d6 6. Nbd2 c5 7. c3 Nbd7 8. Bc4 Nb6 9. Bb3 Nfd5 10. Bg3 Re8
11. O-O e6 12. Re1 Ne7 13. Ne4 Nf5 14. Bh2 d5 15. Ng3 cxd4 16. exd4 Nc4 17. Bxc4 dxc4 18. Nxf5 exf5 19. Ne5 b5 20. a3 Bb7
21. Qc2 Qg5 22. f4 Qh4 23. Qf2 Qxf2+ 24. Kxf2
1-0

[Event "Turtle Speed # 16"]
[Site "SchemingMind.com"]
[Date "2009.01.08"]
[Round "-"]
[White "riverriver"]
[Black "Joe Daudish"]
[Result "0-1"]
[WhiteCountry "USA"]
[BlackCountry "USA"]
[WhiteElo "1881"]
[WhiteRD "72"]
[BlackElo "1680"]
[BlackRD "52"]
[GameID "186920"]

1. d4 d5 2. c4 e6 3. Nc3 Nf6 4. cxd5 Nxd5 5. e4 Nxc3 6. bxc3 Be7 7. Nf3 c6 8. Bf4 Nd7 9. Bd3 Nf6 10. O-O O-O
11. Ne5 Nd7 12. Qg4 Nxe5 13. Bxe5 f6 14. Bg3 e5 15. Qd1 exd4 16. Bc4+ Kh8 17. Qxd4 Bg4 18. f3 Bh5 19. Qe3 b6 20. Qf4 Bc5+
21. Kh1 Qe7 22. a4 Rad8 23. Rad1 Bf7 24. Bxf7 Qxf7 25. Rxd8 Rxd8 26. e5 Be7 27. exf6 Bxf6 28. Bh4 Rf8 29. Bxf6 gxf6 30. Rf2 Qd5
31. h3 Kg7 32. Rd2 Qe5 33. Rd7+ Rf7 34. Qg4+ Kf8 35. Rd8+ Ke7
0-1

[Event "Turtle Speed # 16"]
[Site "SchemingMind.com"]
[Date "2009.01.08"]
[Round "-"]
[White "Heidi"]
[Black "Joe Daudish"]
[Result "0-1"]
[WhiteCountry "USA"]
[BlackCountry "USA"]
[WhiteElo "1142"]
[WhiteRD "109"]
[BlackElo "1721"]
[BlackRD "47"]
[GameID "186921"]

1. d4 d5 2. Nf3 e6 3. Bg5 Be7 4. e4 Bxg5 5. Nxg5 Qxg5 6. Bb5+ Bd7 7. a4 dxe4 8. Bxd7+ Nxd7 9. O-O Ngf6 10. Re1 O-O
11. Nc3 Rad8 12. d5 exd5 13. Nxd5 Qxd5 14. c4 Qxc4 15. b3 Qb4 16. Qb1 Nc5 17. Qc2 b6
0-1

[Event "Turtle Speed # 16"]
[Site "SchemingMind.com"]
[Date "2009.01.09"]
[Round "-"]
[White "reo"]
[Black "Joe Daudish"]
[Result "1-0"]
[WhiteCountry "THA"]
[BlackCountry "USA"]
[WhiteElo "1861"]
[WhiteRD "71"]
[BlackElo "1698"]
[BlackRD "45"]
[GameID "186922"]

1. d4 d5 2. c4 e6 3. Nc3 Nf6 4. Bg5 Be7 5. e3 h6 6. Bh4 O-O 7. Nf3 b6 8. Bd3 dxc4 9. Bxc4 Bb7 10. O-O Nbd7
11. Rc1 c5 12. Qe2 Rc8 13. Rfd1 Ne4 14. Bxe7 Qxe7 15. Bd3 Nxc3 16. bxc3 cxd4 17. cxd4 Nf6 18. Rb1 Rc7 19. Rdc1 Rfc8 20. Rxc7 Rxc7
21. Ne5 Qa3 22. h3 Be4 23. Bxe4 Nxe4 24. Qb2 Qxb2 25. Rxb2 Rc1+ 26. Kh2 f6 27. Nd3 Rc3 28. Nb4 Rc4 29. f3 Nd6 30. g4 f5
31. Kg2 Kf7 32. Kf2 g5 33. Nd3 Kf6 34. f4 Ne4+ 35. Kf3 Rc3 36. Ne5 gxf4 37. Kxf4 Rc1 38. Nd7+ Ke7 39. gxf5 Ng5 40. Ne5 Nxh3+
41. Kg4 Ng5 42. fxe6 Kxe6 43. Rh2 Rg1+ 44. Kh5 Nf7 45. Nxf7 Kxf7 46. Re2 Kf6 47. e4 Ke6 48. e5 b5 49. d5+ Kf5 50. Kxh6 Rg8
51. e6 Kf6 52. Rf2+ Ke7 53. Rf7+ Ke8 54. Kh7 Rg5 55. d6 Rh5+ 56. Kg7 Rg5+ 57. Kf6 Rg1 58. d7+ Kd8 59. Rf8+ Kc7 60. d8=Q+ Kc6
61. Qa8+ Kb6 62. Rb8+ Ka6 63. Qc6+ Ka5 64. Qxb5#
1-0

[Event "Turtle Speed # 16"]
[Site "SchemingMind.com"]
[Date "2009.01.08"]
[Round "-"]
[White "klk12"]
[Black "Joe Daudish"]
[Result "0-1"]
[WhiteCountry "USA"]
[BlackCountry "USA"]
[WhiteElo "1334"]
[WhiteRD "165"]
[BlackElo "1720"]
[BlackRD "45"]
[GameID "186924"]

1. d4 d5 2. c4 e6 3. Nc3 Nf6 4. cxd5 Nxd5 5. Nxd5 Qxd5 6. Nf3 Be7 7. a3 b6 8. h4 Bb7 9. Bf4 Qd8 10. e3 O-O
11. h5 h6 12. Rc1 c5 13. b4 cxb4 14. axb4 Bxb4+ 15. Nd2 Bd6 16. Bd3 Bxf4 17. Qc2 Bg5 18. Nf3 Bxf3 19. gxf3 Nd7 20. f4 Bf6
21. Qc7 a5 22. Rg1 Rc8 23. Qb7 Rxc1+ 24. Kd2 Rxg1 25. Qe4 Re8 26. Qh7+ Kf8 27. f5 Qc7 28. fxe6 Qc1+ 29. Ke2 Qd1#
0-1

[Event "Turtle Speed # 16"]
[Site "SchemingMind.com"]
[Date "2009.01.08"]
[Round "-"]
[White "saitzi"]
[Black "Joe Daudish"]
[Result "0-1"]
[WhiteCountry "GER"]
[BlackCountry "USA"]
[WhiteElo "1596"]
[WhiteRD "130"]
[BlackElo "1720"]
[BlackRD "45"]
[GameID "186925"]

1. d4 d5 2. c4 e6 3. Nc3 Nf6 4. Bg5 Be7 5. Nf3 h6 6. Bh4 c6 7. e3 dxc4 8. Bxc4 Nbd7 9. O-O b5 10. Bb3 Bb7
11. Rc1 O-O 12. Re1 a5 13. e4 Re8 14. h3 a4 15. Bc2 Nb6 16. Bd3 Nfd7 17. Bg3 Nf6 18. b3 axb3 19. axb3 Nh5 20. Ne5 Nxg3
21. fxg3 Bf6 22. Ng4 Bxd4+
0-1

[Event "Turtle Speed # 16"]
[Site "SchemingMind.com"]
[Date "2009.01.08"]
[Round "-"]
[White "Tanis"]
[Black "riverriver"]
[Result "1-0"]
[WhiteCountry "CHN"]
[BlackCountry "USA"]
[WhiteElo "2033"]
[WhiteRD "89"]
[BlackElo "1830"]
[BlackRD "68"]
[GameID "186945"]

1. e4 e5 2. Nf3 Nc6 3. Bb5 a6 4. Ba4 Nf6 5. O-O Be7 6. Bxc6 dxc6 7. Qe1 c5 8. Nxe5 O-O 9. d3 Ng4 10. Nxg4 Bxg4
11. f3 Be6 12. f4 Qd4+ 13. Qf2 Qxf2+ 14. Rxf2 Bf6 15. e5 Bh4 16. g3 Be7 17. f5 Bd7 18. Nc3 Rfe8 19. Bd2 c4 20. d4 a5
21. Re1 Ra6 22. f6 gxf6 23. Nd5 Bd8 24. Nxf6+ Bxf6 25. Rxf6 Be6 26. c3 b5 27. g4 Rc6 28. Bg5 b4 29. h3 bxc3 30. bxc3 Rb6
31. Kf2 Rb2+ 32. Re2 Rb1 33. Kg3 Rg1+ 34. Kh4 Rh1 35. Bh6 Kh8 36. Rb2 Rg8 37. Bg5 Rc8 38. Rb5 c5 39. Rxc5 Rg8 40. Rxe6 fxe6
41. Bf6+
1-0

[Event "Turtle Speed # 16"]
[Site "SchemingMind.com"]
[Date "2009.01.08"]
[Round "-"]
[White "Tanis"]
[Black "Joe Daudish"]
[Result "1-0"]
[WhiteCountry "CHN"]
[BlackCountry "USA"]
[WhiteElo "2037"]
[WhiteRD "76"]
[BlackElo "1721"]
[BlackRD "47"]
[GameID "186946"]

1. d4 d5 2. c4 e6 3. Nf3 Nf6 4. Bg5 Be7 5. e3 h6 6. Bxf6 Bxf6 7. Nc3 dxc4 8. Bxc4 c6 9. O-O O-O 10. Ne4 Be7
11. Qc2 Nd7 12. Rac1 Nf6 13. a3 Bd7 14. Nfd2 Nxe4 15. Nxe4 Rc8 16. Rfd1 a6 17. Rd2 b5 18. Ba2 f5 19. Nc5 Bxc5 20. Qxc5 Qf6
21. Qa7 Qd8 22. Rdc2 a5 23. h3 Re8 24. Qc5 a4 25. Qxf5 Kh8 26. Qe4 Qf6 27. Bb1 Qf5 28. Rc5 Qxe4 29. Bxe4 Kg8 30. Bxc6 Bxc6
31. Rxc6
1-0

[Event "Turtle Speed # 16"]
[Site "SchemingMind.com"]
[Date "2009.01.09"]
[Round "-"]
[White "Tanis"]
[Black "reo"]
[Result "1-0"]
[WhiteCountry "CHN"]
[BlackCountry "THA"]
[WhiteElo "2037"]
[WhiteRD "76"]
[BlackElo "1871"]
[BlackRD "117"]
[GameID "186948"]

1. d4 Nf6 2. c4 e6 3. Nf3 b6 4. g3 Bb7 5. Bg2 Be7 6. O-O O-O 7. d5 exd5 8. Nh4 c6 9. cxd5 Nxd5 10. Nf5 Nf6
11. Nc3 d5 12. e4 dxe4 13. Nxe4 Qxd1 14. Nxe7+ Kh8 15. Rxd1 Nxe4 16. Bxe4 Na6 17. Be3 Nb4 18. Rd7 Ba6 19. a3 Nd5 20. Nxd5 cxd5
21. Bxd5 f6 22. Bxa8
1-0